| 000 | 00408nam a2200121 4500 | ||
|---|---|---|---|
| 999 |
_c10563 _d10563 |
||
| 008 | 180906b ||||| |||| 00| 0 eng d | ||
| 100 |
_930955 _aRonda, Rainier Allan |
||
| 245 |
_aRemote schools get digital libraries without internet connection/ _cRainier Allan Ronda |
||
| 260 |
_aPhilippines _bThe Philippine Star _cc2016 |
||
| 300 | _apage 18. | ||
| 650 | 0 |
_930956 _aInformation technology. |
|
| 942 |
_2ddc _cPER |
||